[Event "Karposh Open  2012"]
[Site "Skopje MKD"]
[Date "2012.04.08"]
[Round "2.5"]
[White "Erturan, Yakup"]
[Black "Markus, Robert"]
[Result "1/2-1/2"]
[WhiteElo "2370"]
[BlackElo "2625"]
[PlyCount "32"]
[EventDate "2012.04.07"]
[EventType "swiss"]
[EventRounds "9"]
[Source "lmi"]
[SourceDate "2012.04.07"]

1. c4 Nf6 2. Nc3 g6 3. g3 Bg7 4. Bg2 O-O 5. Nf3 d6 6. d4 c6 7. O-O Qb6 8. e4
Bg4 9. Qd3 Nbd7 10. b3 e5 11. Be3 Bxf3 12. Bxf3 exd4 13. Bxd4 Qc7 14. Rad1 Nc5
15. Qc2 Ne6 16. Be3 a6 1/2-1/2

[Event "Karposh Open  2012"]
[Site "Skopje MKD"]
[Date "2012.04.08"]
[Round "2.8"]
[White "Solak, Dragan"]
[Black "Stojanovic, Andjelija"]
[Result "1-0"]
[WhiteElo "2602"]
[BlackElo "2324"]
[PlyCount "61"]
[EventDate "2012.04.07"]
[EventType "swiss"]
[EventRounds "9"]
[Source "lmi"]
[SourceDate "2012.04.07"]

1. e4 g6 2. d4 Bg7 3. Nf3 d6 4. Bc4 Nf6 5. Qe2 O-O 6. O-O c6 7. Bb3 Bg4 8. Nbd2
e5 9. dxe5 dxe5 10. h3 Bxf3 11. Nxf3 Nbd7 12. c3 a5 13. a4 Nc5 14. Bc2 Qe7 15.
Qc4 Nfd7 16. Be3 Rfe8 17. Rfd1 Bf8 18. Rd2 Nf6 19. Rad1 b5 20. axb5 cxb5 21.
Qxb5 Ncxe4 22. Bxe4 Nxe4 23. Rd7 Qe6 24. Qb7 Nd6 25. R1xd6 Bxd6 26. Ng5 Rab8
27. Qc6 Qf5 28. Qxd6 Rf8 29. Rxf7 Rxf7 30. Qxb8+ Rf8 31. Qb7 1-0

[Event "Karposh Open  2012"]
[Site "Skopje MKD"]
[Date "2012.04.08"]
[Round "2.9"]
[White "Zupe, Miran"]
[Black "Palac, Mladen"]
[Result "1/2-1/2"]
[WhiteElo "2336"]
[BlackElo "2593"]
[PlyCount "33"]
[EventDate "2012.04.07"]
[EventType "swiss"]
[EventRounds "9"]
[Source "lmi"]
[SourceDate "2012.04.07"]

1. d4 Nf6 2. c4 e6 3. Nf3 d5 4. g3 dxc4 5. Qa4+ Nbd7 6. Bg2 a6 7. Nc3 Rb8 8.
Qxc4 b5 9. Qd3 Bb7 10. O-O c5 11. dxc5 Bxc5 12. Be3 Be7 13. Rfd1 Rc8 14. Ne5
Bxg2 15. Nxd7 Bb7 16. Nxf6+ Bxf6 17. Ne4 1/2-1/2

[Event "Karposh Open  2012"]
[Site "Skopje MKD"]
[Date "2012.04.08"]
[Round "2.10"]
[White "Kantorik, Marian"]
[Black "Damljanovic, Branko"]
[Result "0-1"]
[WhiteElo "2323"]
[BlackElo "2582"]
[PlyCount "126"]
[EventDate "2012.04.07"]
[EventType "swiss"]
[EventRounds "9"]
[Source "lmi"]
[SourceDate "2012.04.07"]

1. d4 Nf6 2. c4 g6 3. Nc3 Bg7 4. e4 d6 5. f4 O-O 6. Nf3 c5 7. d5 e6 8. Be2 exd5
9. cxd5 Bg4 10. O-O Nbd7 11. h3 Bxf3 12. Bxf3 a6 13. a4 Qa5 14. Bd2 Rae8 15.
Qe2 Qd8 16. Be3 Nb6 17. Kh1 Nfd7 18. a5 Nc8 19. Qd2 f5 20. exf5 gxf5 21. Bf2
Nf6 22. Qc2 Ne7 23. Rfe1 Ng6 24. Rxe8 Nxe8 25. g3 Kh8 26. Be2 Bd4 27. Bd3 Bxf2
28. Qxf2 Ng7 29. h4 Rg8 30. Be2 Nf8 31. Bf3 Nd7 32. Nd1 Nf6 33. Ne3 Qe8 34. Nf1
Qb5 35. Qd2 Rf8 36. Ne3 h5 37. Qc3 Ne4 38. Bxe4 fxe4 39. Re1 Kg8 40. Kg2 Qd7
41. Qc2 Qe7 42. Qe2 Qf6 43. Qc2 Qg6 44. Qc4 Rxf4 45. Rf1 Rxf1 46. Qxf1 Qf7 47.
Qe2 Nf5 48. Nxf5 Qxf5 49. Qd1 Kf7 50. Qb3 Kf6 51. Qxb7 Qf3+ 52. Kh2 Qf2+ 53.
Kh3 e3 54. Qb8 Ke5 55. Qh8+ Ke4 56. Qe8+ Kd3 57. Qg6+ Kd2 58. Qg7 Qf5+ 59. Kh2
e2 60. Qc3+ Kd1 61. Qb3+ Ke1 62. Qc4 Kf1 63. b4 Qf2+ 0-1

[Event "Karposh Open  2012"]
[Site "Skopje MKD"]
[Date "2012.04.08"]
[Round "2.11"]
[White "Chatalbashev, Boris"]
[Black "Piskur, Mitja"]
[Result "1-0"]
[WhiteElo "2570"]
[BlackElo "2303"]
[PlyCount "79"]
[EventDate "2012.04.07"]
[EventType "swiss"]
[EventRounds "9"]
[Source "lmi"]
[SourceDate "2012.04.07"]

1. d4 f5 2. c4 Nf6 3. Nc3 e6 4. Qc2 d5 5. Bf4 c6 6. e3 Be7 7. Bd3 Ne4 8. Nf3
O-O 9. g4 Na6 10. a3 Qa5 11. Rg1 dxc4 12. Bxc4 b5 13. Bd3 b4 14. Qa4 Qxa4 15.
Nxa4 Nf6 16. gxf5 Nd5 17. Bh6 Bf6 18. fxe6 Kh8 19. Bg5 Nac7 20. Bxf6 Rxf6 21.
Ng5 Nxe6 22. Nxh7 Rh6 23. Ng5 Nxg5 24. Rxg5 Rxh2 25. Rc1 Rh1+ 26. Kd2 Rxc1 27.
Kxc1 bxa3 28. bxa3 Be6 29. Nc5 Bf7 30. Nd7 Rd8 31. Ne5 Be8 32. Rf5 Nf6 33. Bc4
Kh7 34. Rf3 Rc8 35. Rh3+ Bh5 36. Bf7 Kh6 37. f4 g5 38. Ng4+ Nxg4 39. Rxh5+ Kg7
40. Be6 1-0

[Event "Karposh Open  2012"]
[Site "Skopje MKD"]
[Date "2012.04.08"]
[Round "2.12"]
[White "Djingarova, Emilia"]
[Black "Yemelin, Vasily"]
[Result "0-1"]
[WhiteElo "2296"]
[BlackElo "2567"]
[PlyCount "144"]
[EventDate "2012.04.07"]
[EventType "swiss"]
[EventRounds "9"]
[Source "lmi"]
[SourceDate "2012.04.07"]

1. Nf3 Nf6 2. c4 e6 3. g3 d5 4. Bg2 dxc4 5. Qa4+ c6 6. Qxc4 b5 7. Qc2 Bb7 8.
Nc3 Nbd7 9. O-O Rc8 10. d3 Be7 11. h3 O-O 12. e4 a6 13. a4 e5 14. Be3 Bd6 15.
Rad1 Qe7 16. d4 b4 17. dxe5 Nxe5 18. Nxe5 Bxe5 19. Nb1 c5 20. Nd2 Rfd8 21. Rfe1
Qe6 22. Nc4 Bd4 23. Bxd4 Rxd4 24. Rxd4 cxd4 25. b3 Bd5 26. Bf1 Bxe4 27. Qd2 Qc6
28. Qxd4 h6 29. Ne5 Qc3 30. Rd1 Bc2 31. Rd2 Bxb3 32. Bxa6 Qxd4 33. Rxd4 Rc1+
34. Bf1 Be6 35. g4 b3 36. Rb4 Ra1 37. Kg2 Nd5 38. Rb8+ Kh7 39. Bc4 Nf4+ 40. Kf3
Bxc4 41. Nxc4 Rxa4 42. Nb2 Ra2 43. Rxb3 Nxh3 44. Kg3 Ng1 45. Nd3 Ne2+ 46. Kg2
Ra1 47. Rb4 Rd1 48. Ne5 f6 49. Nc6 Rd6 50. Kf3 Ng1+ 51. Kg2 Ne2 52. Kf3 Nc1 53.
Ne7 Nd3 54. Rb7 Ne5+ 55. Kg2 Rd4 56. f3 Rd2+ 57. Kg3 Rd3 58. Nf5 Rxf3+ 59. Kg2
Rf4 60. Rxg7+ Kh8 61. Re7 Rxg4+ 62. Kh3 Rg5 63. Re8+ Kh7 64. Re7+ Kg6 65. Nh4+
Kh5 66. Re6 Ng4 67. Ng2 Nf2+ 68. Kh2 Ng4+ 69. Kh3 Ra5 70. Kg3 Kg5 71. Nh4 Ra3+
72. Nf3+ Kf5 0-1

[Event "Karposh Open  2012"]
[Site "Skopje MKD"]
[Date "2012.04.08"]
[Round "2.13"]
[White "Nevednichy, Vladislav"]
[Black "Nikolova, Adriana"]
[Result "1-0"]
[WhiteElo "2562"]
[BlackElo "2293"]
[PlyCount "141"]
[EventDate "2012.04.07"]
[EventType "swiss"]
[EventRounds "9"]
[Source "lmi"]
[SourceDate "2012.04.07"]

1. e4 c5 2. Nf3 d6 3. Bc4 Nf6 4. d3 e6 5. Bb3 Be7 6. c3 O-O 7. O-O b5 8. Re1
Bb7 9. Nbd2 Nc6 10. d4 b4 11. d5 exd5 12. exd5 bxc3 13. bxc3 Na5 14. c4 Nxb3
15. axb3 Bc8 16. Bb2 Bf5 17. Ra3 Qc7 18. h3 h6 19. Re3 Ne8 20. Ne4 Bxe4 21.
Rxe4 Bf6 22. Bc1 Qd7 23. Rg4 Kh8 24. Bd2 Rg8 25. Qc1 g5 26. b4 cxb4 27. Bxb4
Rb8 28. Bc3 Qf5 29. Nd2 Rb7 30. Re4 Kh7 31. g4 Qg6 32. Re3 Bxc3 33. Qxc3 Qf6
34. Ne4 Qxc3 35. Rexc3 f5 36. gxf5 Rf8 37. f6 Kg6 38. Kg2 Rd7 39. Ra6 Kf5 40.
Re3 h5 41. f7 Rdxf7 42. Nxd6+ Nxd6 43. Rxd6 g4 44. hxg4+ hxg4 45. c5 Rh7 46.
Rde6 Rfh8 47. R3e5+ Kf4 48. Re4+ Kf5 49. R6e5+ Kf6 50. Re8 Rh2+ 51. Kf1 R8h5
52. R8e6+ Kf7 53. Rf4+ Kg7 54. Rxg4+ Kf7 55. Rf4+ Kg7 56. Rd4 Rf5 57. Rd2 Kf7
58. Re3 Rhh5 59. d6 Rd5 60. Rxd5 Rxd5 61. Rc3 Ke8 62. c6 Kd8 63. c7+ Kc8 64.
Rc6 Rd4 65. Ke2 Re4+ 66. Kd3 Re8 67. Kd4 Kd7 68. Kd5 Rh8 69. f4 Rh5+ 70. Ke4
Rh8 71. c8=Q+ 1-0

[Event "Karposh Open  2012"]
[Site "Skopje MKD"]
[Date "2012.04.08"]
[Round "2.14"]
[White "Raeva, Elitsa"]
[Black "Hera, Imre Jr"]
[Result "0-1"]
[WhiteElo "2292"]
[BlackElo "2555"]
[PlyCount "62"]
[EventDate "2012.04.07"]
[EventType "swiss"]
[EventRounds "9"]
[Source "lmi"]
[SourceDate "2012.04.07"]

1. d4 Nf6 2. c4 e6 3. Nc3 Bb4 4. Qc2 O-O 5. Nf3 c5 6. dxc5 Na6 7. e3 Nxc5 8.
Bd2 b6 9. Be2 Bb7 10. O-O Rc8 11. Nb5 Bxd2 12. Nxd2 Ra8 13. Nd6 Bc6 14. b4 Nb7
15. N2e4 Nxe4 16. Nxe4 Qe7 17. a3 a5 18. Bd3 axb4 19. axb4 Rxa1 20. Rxa1 Qxb4
21. Rb1 Qa5 22. h4 f5 23. Ng3 Nc5 24. h5 Ba4 25. Qe2 Qc3 26. h6 Nxd3 27. hxg7
Kxg7 28. e4 Qc2 29. Qxc2 Bxc2 30. Rxb6 f4 31. Ne2 Ra8 0-1

[Event "Karposh Open  2012"]
[Site "Skopje MKD"]
[Date "2012.04.08"]
[Round "2.16"]
[White "Blagojevic, Dragisa"]
[Black "Kastelic, Marian"]
[Result "1/2-1/2"]
[WhiteElo "2523"]
[BlackElo "2286"]
[PlyCount "81"]
[EventDate "2012.04.07"]
[EventType "swiss"]
[EventRounds "9"]
[Source "lmi"]
[SourceDate "2012.04.07"]

1. d4 Nf6 2. c4 e6 3. Nf3 d5 4. g3 c5 5. cxd5 Nxd5 6. Bg2 Nc6 7. O-O Be7 8.
dxc5 Bxc5 9. Qc2 Qe7 10. a3 a5 11. e4 Nb6 12. Nbd2 e5 13. Nb3 Bd6 14. Be3 Nd7
15. Rac1 O-O 16. Nbd2 Rd8 17. Rfd1 Nf8 18. Nc4 Bc7 19. Rxd8 Bxd8 20. h3 f6 21.
Bf1 Be6 22. Rd1 Bc7 23. Qb3 Rd8 24. Rxd8 Bxd8 25. h4 Qd7 26. Qd3 Bc7 27. Nb6
Bxb6 28. Bxb6 Qxd3 29. Bxd3 Nd7 30. Be3 Kf7 31. Nd2 Nd4 32. Bxd4 exd4 33. Kf1
Nc5 34. Ke2 a4 35. f3 Ke7 36. Bc4 g5 37. Bb5 h6 38. f4 gxh4 39. gxh4 Bg4+ 40.
Kf2 f5 41. e5 1/2-1/2

[Event "Karposh Open  2012"]
[Site "Skopje MKD"]
[Date "2012.04.08"]
[Round "2.17"]
[White "Simjanovski, Saso"]
[Black "Savic, Miodrag R"]
[Result "0-1"]
[WhiteElo "2288"]
[BlackElo "2518"]
[PlyCount "132"]
[EventDate "2012.04.07"]
[EventType "swiss"]
[EventRounds "9"]
[Source "lmi"]
[SourceDate "2012.04.07"]

1. Nf3 Nf6 2. g3 b6 3. Bg2 Bb7 4. d3 e6 5. O-O d5 6. Nbd2 Be7 7. e4 c5 8. Re1
Nc6 9. c3 Qc7 10. Nf1 dxe4 11. dxe4 h6 12. Bf4 e5 13. Bd2 Rd8 14. Qa4 O-O 15.
Rad1 Na5 16. Nh4 Bc6 17. Qc2 Nc4 18. Nf5 Nxd2 19. Rxd2 Rxd2 20. Nxd2 Rd8 21.
Nxe7+ Qxe7 22. Nc4 Qe6 23. b3 g6 24. Ne3 Kg7 25. f3 b5 26. Bf1 a5 27. c4 b4 28.
Nd5 Qd6 29. Qb2 Re8 30. Bh3 a4 31. Rd1 Bxd5 32. cxd5 c4 33. bxc4 Qc5+ 34. Qf2
Qxc4 35. Bf1 Qc3 36. Rd3 Qc1 37. Rd2 b3 38. Kg2 Rc8 39. axb3 axb3 40. Bd3 Rc3
41. Qe2 Nd7 42. Rd1 b2 43. Bb1 Kf8 44. d6 Re3 45. Qf1 Rc3 46. Kh3 h5 47. Qe2
Kg7 48. Ba2 g5 49. Bb1 Rxf3 50. Kg2 g4 51. Qd2 Rc3 52. h3 Qxd2+ 53. Rxd2 Rb3
54. hxg4 hxg4 55. Kf2 Kf8 56. Rc2 Rb6 57. Rd2 Ke8 58. Ke2 Rb3 59. Rc2 Kd8 60.
Kf2 Rb6 61. Ke2 f6 62. Ke1 Rb4 63. Rd2 Nc5 64. Kd1 Nxe4 65. Rd3 Kd7 66. Re3
Nxd6 0-1

[Event "Karposh Open  2012"]
[Site "Skopje MKD"]
[Date "2012.04.08"]
[Round "2.19"]
[White "Markidis, Konstantinos"]
[Black "Antic, Dejan"]
[Result "1/2-1/2"]
[WhiteElo "2284"]
[BlackElo "2513"]
[PlyCount "21"]
[EventDate "2012.04.07"]
[EventType "swiss"]
[EventRounds "9"]
[Source "lmi"]
[SourceDate "2012.04.07"]

1. e4 e5 2. Nf3 Nf6 3. Nxe5 d6 4. Nf3 Nxe4 5. Qe2 Qe7 6. d3 Nf6 7. Bg5 Nbd7 8.
Nc3 c6 9. Qxe7+ Bxe7 10. Be2 O-O 11. O-O 1/2-1/2

[Event "Karposh Open  2012"]
[Site "Skopje MKD"]
[Date "2012.04.08"]
[Round "2.20"]
[White "Djukic, Nikola"]
[Black "Georgievski, Vanco"]
[Result "1-0"]
[WhiteElo "2513"]
[BlackElo "2273"]
[PlyCount "69"]
[EventDate "2012.04.07"]
[EventType "swiss"]
[EventRounds "9"]
[Source "lmi"]
[SourceDate "2012.04.07"]

1. e4 c6 2. Nc3 d5 3. Nf3 Bg4 4. h3 Bxf3 5. Qxf3 e6 6. a3 Nd7 7. d3 Ngf6 8. g3
Be7 9. Bg2 O-O 10. O-O Qc7 11. Qe2 d4 12. Nb1 c5 13. a4 a6 14. a5 Rac8 15. Nd2
Ne8 16. f4 f6 17. h4 Nd6 18. Bh3 e5 19. Be6+ Kh8 20. f5 Rcd8 21. g4 Rfe8 22.
Nc4 Nf8 23. Nxd6 Rxd6 24. Bc4 Rb8 25. g5 Qd8 26. Qg4 Qd7 27. Rf2 b5 28. axb6
Rbxb6 29. Rg2 Bd8 30. b3 Rb7 31. Bd2 Ra7 32. Qf3 a5 33. g6 Rb6 34. h5 Qe8 35.
h6 1-0

[Event "Karposh Open  2012"]
[Site "Skopje MKD"]
[Date "2012.04.08"]
[Round "2.21"]
[White "Drljevic, Ljilja"]
[Black "Mastrovasilis, Athanasios"]
[Result "0-1"]
[WhiteElo "2278"]
[BlackElo "2510"]
[PlyCount "112"]
[EventDate "2012.04.07"]
[EventType "swiss"]
[EventRounds "9"]
[Source "lmi"]
[SourceDate "2012.04.07"]

1. e4 Nf6 2. e5 Nd5 3. c4 Nb6 4. d4 d6 5. Nf3 Bg4 6. exd6 exd6 7. Be2 Be7 8. h3
Bxf3 9. Bxf3 Nc6 10. b3 Bf6 11. Be3 d5 12. c5 Nc8 13. Nc3 N8e7 14. O-O O-O 15.
b4 Nf5 16. Nxd5 Bxd4 17. Bxd4 Nfxd4 18. Rb1 Re8 19. Ne3 Qf6 20. Bxc6 bxc6 21.
Re1 Rad8 22. Ng4 Qf4 23. Rxe8+ Rxe8 24. Ne3 f5 25. Rb2 Re4 26. Rd2 Qe5 27. Nc2
Ne2+ 28. Kh1 h6 29. a3 Kh7 30. Rd3 Nf4 31. Re3 Nd5 32. Rxe4 Qxe4 33. Nd4 Nc3
34. Qd2 Nb1 35. Qc2 Nxa3 36. Qxe4 fxe4 37. Nxc6 Nb5 38. Ne5 g5 39. Kg1 Nd4 40.
Kf1 Kg7 41. Nc4 Kf6 42. Ne3 Ke6 43. Ke1 Nc6 44. b5 Nd4 45. b6 cxb6 46. cxb6
axb6 47. Kd2 Nf5 48. Nc4 b5 49. Na3 Nd4 50. Kc3 Kd5 51. Kb4 h5 52. Nb1 h4 53.
Nc3+ Ke5 54. Nd1 Nc2+ 55. Kc3 Ne1 56. g3 g4 0-1

[Event "Karposh Open  2012"]
[Site "Skopje MKD"]
[Date "2012.04.08"]
[Round "2.23"]
[White "Veleski, Robert"]
[Black "Todorovic, Goran M"]
[Result "0-1"]
[WhiteElo "2267"]
[BlackElo "2499"]
[PlyCount "70"]
[EventDate "2012.04.07"]
[EventType "swiss"]
[EventRounds "9"]
[Source "lmi"]
[SourceDate "2012.04.07"]

1. e4 e5 2. Nf3 Nc6 3. Bb5 a6 4. Ba4 Nf6 5. d3 d6 6. c3 g6 7. O-O Bg7 8. Nbd2
O-O 9. Re1 b5 10. Bc2 Bb7 11. Nf1 Nb8 12. h3 Nbd7 13. g4 Nc5 14. Ng3 Re8 15.
Kh2 d5 16. Qe2 Qd6 17. Rg1 Ne6 18. Nf5 gxf5 19. gxf5 dxe4 20. Bh6 exd3 21. fxe6
e4+ 22. Kh1 dxe2 23. exf7+ Kxf7 24. Rxg7+ Ke6 25. Nd4+ Kd5 26. Bb3+ Kc5 27. Be3
Nd5 28. Ne6+ Kc6 29. Nd4+ Kb6 30. Nf5+ Nxe3 31. Nxd6 Nd1 32. Rg1 e3+ 33. Nxb7
exf2 34. Raxd1 exd1=Q 35. Bxd1 fxg1=Q+ 0-1

[Event "Karposh Open  2012"]
[Site "Skopje MKD"]
[Date "2012.04.08"]
[Round "2.24"]
[White "Berescu, Alin-Mile"]
[Black "Ilic, Zoran"]
[Result "1-0"]
[WhiteElo "2494"]
[BlackElo "2252"]
[PlyCount "57"]
[EventDate "2012.04.07"]
[EventType "swiss"]
[EventRounds "9"]
[Source "lmi"]
[SourceDate "2012.04.07"]

1. c4 Nf6 2. g3 d5 3. cxd5 Nxd5 4. Bg2 Nb6 5. Nc3 Nc6 6. d3 g6 7. Be3 Bg7 8.
Qd2 h6 9. Nf3 Nd5 10. Nxd5 Qxd5 11. O-O Qh5 12. Rfc1 Bh3 13. Rc5 g5 14. Bh1 O-O
15. Rac1 f5 16. b4 a6 17. a4 e5 18. b5 axb5 19. axb5 f4 20. bxc6 b6 21. Rb5
fxe3 22. Qxe3 e4 23. dxe4 Qf7 24. Bg2 Be6 25. h3 Ra4 26. e5 Rd8 27. Rbb1 Bf5
28. Ra1 Re4 29. Nxg5 1-0

[Event "Karposh Open  2012"]
[Site "Skopje MKD"]
[Date "2012.04.08"]
[Round "2.25"]
[White "Vlashki, Nino"]
[Black "Likavsky, Tomas"]
[Result "0-1"]
[WhiteElo "2258"]
[BlackElo "2486"]
[PlyCount "54"]
[EventDate "2012.04.07"]
[EventType "swiss"]
[EventRounds "9"]
[Source "lmi"]
[SourceDate "2012.04.07"]

1. e4 c5 2. Nc3 e6 3. f4 d5 4. Nf3 Nc6 5. Bb5 Nge7 6. exd5 exd5 7. Qe2 g6 8.
Qe3 Qd6 9. d4 c4 10. Qe5 Qe6 11. O-O f6 12. Qxe6 Bxe6 13. Re1 Kf7 14. Bxc6 Nxc6
15. Be3 Bb4 16. Kf2 h5 17. Bd2 Rad8 18. Ne2 Bxd2 19. Nxd2 Nb4 20. Rec1 Bf5 21.
a3 Nxc2 22. Ra2 Rhe8 23. b3 Bd3 24. Ng1 Nxd4 25. bxc4 Ne2 26. Nxe2 Rxe2+ 27.
Kf3 Rde8 0-1

[Event "Karposh Open  2012"]
[Site "Skopje MKD"]
[Date "2012.04.08"]
[Round "2.26"]
[White "Saric, Sinisa"]
[Black "Dastan, Muhammed Batuhan"]
[Result "0-1"]
[WhiteElo "2480"]
[BlackElo "2239"]
[PlyCount "104"]
[EventDate "2012.04.07"]
[EventType "swiss"]
[EventRounds "9"]
[Source "lmi"]
[SourceDate "2012.04.07"]

1. d4 d5 2. c4 c6 3. Nc3 e6 4. e3 Nf6 5. Bd2 Nbd7 6. Rc1 Bd6 7. c5 Bc7 8. f4
Ne4 9. Nxe4 dxe4 10. Nh3 f5 11. Qh5+ g6 12. Qh6 Nf6 13. g4 Qe7 14. Nf2 Bd7 15.
Be2 Nd5 16. Nh3 O-O-O 17. g5 b6 18. Kf2 bxc5 19. Rxc5 Bb6 20. Rc4 Kb8 21. Rhc1
Rhf8 22. a3 Bc8 23. R4c2 Bb7 24. b4 Qd7 25. Rd1 Qe7 26. Rdc1 Qd7 27. Rd1 Qe7
28. Rb2 e5 29. dxe5 Nxf4 30. Nxf4 Qxe5 31. Rc2 Qxf4+ 32. Kg2 Qc7 33. Bc1 Qe7
34. Qh4 Rxd1 35. Bxd1 Bc7 36. Be2 Be5 37. Rc5 Bd6 38. Rc3 h6 39. Qxh6 Qe5 40.
Bb2 f4 41. Rc2 f3+ 42. Kf2 Qd5 43. Bg7 fxe2+ 44. Bxf8 Qf5+ 45. Kxe2 Ba6+ 46.
Ke1 Qf1+ 47. Kd2 Qe2+ 48. Kc1 Qe1+ 49. Kb2 Be5+ 50. Kb3 Qb1+ 51. Ka4 Bb5+ 52.
Ka5 Bc7# 0-1

[Event "Karposh Open  2012"]
[Site "Skopje MKD"]
[Date "2012.04.08"]
[Round "2.27"]
[White "Dimitrijevic, Radmilo"]
[Black "Arnaudov, G  Petar"]
[Result "0-1"]
[WhiteElo "2240"]
[BlackElo "2476"]
[PlyCount "59"]
[EventDate "2012.04.07"]
[EventType "swiss"]
[EventRounds "9"]
[Source "lmi"]
[SourceDate "2012.04.07"]

1. e4 e5 2. Nf3 Nc6 3. Bc4 Bc5 4. O-O Nf6 5. d4 Bxd4 6. Nxd4 Nxd4 7. f4 d6 8.
fxe5 dxe5 9. Bg5 Qe7 10. Na3 Bd7 11. c3 Ne6 12. Bxe6 Bxe6 13. Qa4+ c6 14. Qa5
h6 15. Bh4 b5 16. Qa6 Rc8 17. Bxf6 gxf6 18. Rf2 O-O 19. Nc2 Qc5 20. Qa3 Qxa3
21. Nxa3 Kg7 22. Nc2 Rfd8 23. a4 bxa4 24. Ne3 Rd3 25. Rf3 Rd2 26. Rxa4 Rxb2 27.
Rxa7 Rd8 28. h3 Rb1+ 29. Kh2 Re1 30. Rc7 0-1

[Event "Karposh Open  2012"]
[Site "Skopje MKD"]
[Date "2012.04.08"]
[Round "2.29"]
[White "Draskovic, Luka"]
[Black "Pancevski, Filip"]
[Result "0-1"]
[WhiteElo "2212"]
[BlackElo "2470"]
[PlyCount "114"]
[EventDate "2012.04.07"]
[EventType "swiss"]
[EventRounds "9"]
[Source "lmi"]
[SourceDate "2012.04.07"]

1. e4 Nf6 2. e5 Nd5 3. d4 d6 4. c4 Nb6 5. exd6 exd6 6. Nc3 Nc6 7. Be3 Be7 8. h3
Bf5 9. Nf3 O-O 10. d5 Nb4 11. Nd4 Bg6 12. a3 Na6 13. Be2 Bf6 14. O-O Nc5 15.
Rc1 a5 16. b4 axb4 17. axb4 Ne4 18. Nxe4 Bxe4 19. Qb3 Re8 20. Bf3 Bg5 21. Rfe1
h6 22. Ne6 fxe6 23. Bxe4 Bxe3 24. Rxe3 exd5 25. cxd5 Kh8 26. Qc3 Qg5 27. Rce1
Re7 28. Bf3 Rae8 29. Re6 Rxe6 30. dxe6 c6 31. Qd4 Nc8 32. g3 d5 33. Kg2 Nd6 34.
h4 Qf6 35. Qg4 Re7 36. h5 Nc4 37. b5 Ne5 38. Qf4 Qxf4 39. gxf4 Nd3 40. Re3
Nxf4+ 41. Kg3 g5 42. hxg6 Nxg6 43. Bg4 Kg7 44. f4 Kf6 45. f5 d4 46. Re4 Ne5 47.
Rxd4 Rg7 48. bxc6 bxc6 49. Kh3 c5 50. Rd8 Nxg4 51. Rc8 Nf2+ 52. Kh4 Ne4 53.
Rf8+ Ke7 54. Rh8 Nd6 55. f6+ Kxf6 56. Rxh6+ Rg6 57. Rh8 Nf5+ 0-1

[Event "Karposh Open  2012"]
[Site "Skopje MKD"]
[Date "2012.04.08"]
[Round "2.30"]
[White "Nestorovic, Nikola"]
[Black "Djukic, Sandra"]
[Result "1-0"]
[WhiteElo "2462"]
[BlackElo "2203"]
[PlyCount "97"]
[EventDate "2012.04.07"]
[EventType "swiss"]
[EventRounds "9"]
[Source "lmi"]
[SourceDate "2012.04.07"]

1. e4 c5 2. Nf3 Nc6 3. d4 cxd4 4. Nxd4 Qc7 5. Nc3 e6 6. Be3 a6 7. Qd2 Nf6 8.
O-O-O Bb4 9. f3 b5 10. Qe1 O-O 11. Nb3 Be7 12. g4 Ne5 13. Qg3 Bb7 14. Bd4 d6
15. a3 Rac8 16. Be2 Nfd7 17. Qf2 d5 18. exd5 Bxd5 19. Kb1 Bc4 20. Rhe1 Bxe2 21.
Rxe2 Rfd8 22. f4 Nc4 23. Nd5 exd5 24. Rxe7 Qd6 25. Rde1 Nf6 26. Bxf6 Qxf6 27.
Qd4 Qh4 28. Qa7 Rf8 29. Qd7 Qf6 30. c3 Nxa3+ 31. Ka2 Nc4 32. f5 Nb6 33. Qb7 Qc6
34. Qxc6 Rxc6 35. g5 h6 36. h4 Nc8 37. Rb7 Rd6 38. Rc7 Nb6 39. Nd4 hxg5 40.
hxg5 Nc8 41. Nc6 Rxc6 42. Rxc6 Rd8 43. Re5 b4 44. Rxa6 bxc3 45. bxc3 f6 46.
gxf6 gxf6 47. Ree6 Kg7 48. Ra8 Rh8 49. Kb3 1-0

[Event "Karposh Open  2012"]
[Site "Skopje MKD"]
[Date "2012.04.08"]
[Round "2.31"]
[White "Glavinac, Goran"]
[Black "Hunt, Adam C"]
[Result "1/2-1/2"]
[WhiteElo "2201"]
[BlackElo "2454"]
[PlyCount "121"]
[EventDate "2012.04.07"]
[EventType "swiss"]
[EventRounds "9"]
[Source "lmi"]
[SourceDate "2012.04.07"]

1. d4 Nf6 2. Nf3 g6 3. g3 Bg7 4. Bg2 O-O 5. O-O d5 6. Nbd2 Bf5 7. c3 Qc8 8. Re1
c5 9. Nh4 Bh3 10. Bh1 Nc6 11. dxc5 e5 12. c4 d4 13. Ne4 Nd8 14. b4 Nxe4 15.
Bxe4 a5 16. Bd2 axb4 17. Bxb4 Re8 18. a4 Bf8 19. a5 Nc6 20. Qb3 Ra7 21. Reb1
Nxb4 22. Qxb4 Bxc5 23. Qb3 Re7 24. Nf3 Kg7 25. Ne1 Be6 26. Nd3 Bd6 27. Bd5 Bxd5
28. cxd5 Rc7 29. f3 Qd8 30. Qb6 Ra6 31. Qb5 Qg5 32. Nf2 f5 33. Kg2 Qe7 34. Rc1
Ra8 35. Rxc7 Qxc7 36. a6 bxa6 37. Rxa6 Rxa6 38. Qxa6 Qe7 39. Qc4 h5 40. Nd3 h4
41. f4 hxg3 42. hxg3 exf4 43. Qxd4+ Kf7 44. Nxf4 Bxf4 45. gxf4 Qxe2+ 46. Kg3
Qg4+ 47. Kf2 Qh4+ 48. Ke2 Qe7+ 49. Kd3 Qa3+ 50. Qc3 Qd6 51. Qc4 Ke7 52. Kc2 Qb6
53. Qe2+ Kd7 54. Qe5 Qf2+ 55. Kd3 Qf3+ 56. Kd4 Qf2+ 57. Qe3 Qb2+ 58. Qc3 Qb6+
59. Qc5 Qb2+ 60. Qc3 Qb6+ 61. Qc5 1/2-1/2

[Event "Karposh Open  2012"]
[Site "Skopje MKD"]
[Date "2012.04.08"]
[Round "2.32"]
[White "Smith, Bryan G"]
[Black "Ilic, Ljubomir"]
[Result "1-0"]
[WhiteElo "2450"]
[BlackElo "2199"]
[PlyCount "77"]
[EventDate "2012.04.07"]
[EventType "swiss"]
[EventRounds "9"]
[Source "lmi"]
[SourceDate "2012.04.07"]

1. e4 c5 2. Nf3 e6 3. d4 cxd4 4. Nxd4 Nf6 5. Nc3 d6 6. f4 Nc6 7. Be3 a6 8. Qf3
Qc7 9. O-O-O Bd7 10. g4 h6 11. Rg1 Rc8 12. Bd3 b5 13. Kb1 Nxd4 14. Bxd4 b4 15.
Ne2 e5 16. Be3 Bb5 17. Ng3 Nd7 18. Qe2 Qc6 19. Bxb5 axb5 20. Rd5 Rb8 21. fxe5
Nxe5 22. Bd4 f6 23. b3 g6 24. h4 Rh7 25. Rf1 Rc7 26. Rxf6 Nxg4 27. Rxg6 Rbc8
28. Rxg4 Qxc2+ 29. Qxc2 Rxc2 30. Be3 h5 31. Nxh5 Re2 32. Bd2 Rc5 33. Rxc5 dxc5
34. Bc1 c4 35. e5 c3 36. Re4 Rh2 37. Nf6+ Kf7 38. Nd5 Ke6 39. Nxb4 1-0

[Event "Karposh Open  2012"]
[Site "Skopje MKD"]
[Date "2012.04.08"]
[Round "2.33"]
[White "Vladimirov, Vladimir"]
[Black "Bogdanovski, Vlatko"]
[Result "0-1"]
[WhiteElo "2162"]
[BlackElo "2435"]
[PlyCount "114"]
[EventDate "2012.04.07"]
[EventType "swiss"]
[EventRounds "9"]
[Source "lmi"]
[SourceDate "2012.04.07"]

1. Nf3 Nf6 2. g3 d5 3. Bg2 c6 4. O-O Bg4 5. b3 e6 6. Bb2 Nbd7 7. d3 Be7 8. Nbd2
O-O 9. c4 a5 10. a3 Qb8 11. Qc2 Re8 12. Rfe1 Bd6 13. e4 dxe4 14. dxe4 e5 15.
Nf1 Bf8 16. Qc3 b5 17. Qc2 bxc4 18. bxc4 Nc5 19. h3 Bh5 20. Rab1 Qc7 21. g4 Bg6
22. Ng3 Nfd7 23. Nh4 Ne6 24. Rbd1 f6 25. Nxg6 hxg6 26. h4 Bc5 27. h5 Ndf8 28.
Rd2 Rab8 29. Red1 Qb6 30. hxg6 Nxg6 31. Nf5 Ngf4 32. Bc1 Qb3 33. Qxb3 Rxb3 34.
Rd7 Ne2+ 35. Kh2 Nxc1 36. Rxc1 Rb2 37. g5 fxg5 38. Bh3 Rxf2+ 39. Kh1 Rf4 40.
Rb1 g4 41. Bg2 Bxa3 42. Rbb7 Bf8 43. Ra7 a4 44. Kh2 a3 45. Kg3 Rb8 46. Ne7+
Bxe7 47. Rxe7 Rb3+ 48. Kh4 g3+ 49. Kh5 Rf6 50. Kg4 Kh7 51. Ra5 Rb2 52. Kh3 Nf4+
53. Kg4 Nxg2 54. Rxa3 Rg6+ 55. Kf5 Nh4+ 56. Kxe5 g2 57. Rh3 Rg4 0-1

[Event "Karposh Open  2012"]
[Site "Skopje MKD"]
[Date "2012.04.08"]
[Round "2.37"]
[White "Pacher, Milan"]
[Black "Minas, Ioannis"]
[Result "1-0"]
[WhiteElo "2402"]
[BlackElo "1930"]
[PlyCount "47"]
[EventDate "2012.04.07"]
[EventType "swiss"]
[EventRounds "9"]
[Source "lmi"]
[SourceDate "2012.04.07"]

1. e4 e5 2. Nf3 Nc6 3. Bb5 f5 4. Nc3 fxe4 5. Nxe4 Nf6 6. Nxf6+ Qxf6 7. O-O Be7
8. Bxc6 dxc6 9. d4 Bg4 10. dxe5 Qg6 11. Qd3 Bf5 12. Qc3 Be4 13. Ne1 O-O-O 14.
Be3 Rd5 15. f3 Bf5 16. b4 Rhd8 17. a4 Rxe5 18. Qxe5 Bf6 19. Qa5 Bxa1 20. Qxa7
Rd1 21. Qc5 Bf6 22. g4 Bxg4 23. fxg4 Qxg4+ 24. Ng2 1-0